Veterani italiani nell'Hall of Fame del calcio italiano - Statistics

Statistiche generali
  • Questo quiz è stato fatto 97 volte
    44 dall'ultimo reset
  • Il punteggio medio è 5 su 12
Statistiche sulle risposte
Anno Squadre Calciatore % Corretto
2011 Legnano / Cagliari Gigi Riva
95%
2013 Alessandria / Milan Gianni Rivera
60%
2012 Udinese / Mantova / Napoli / Juventus Dino Zoff
50%
2014 Inter Sandro Mazzola
48%
2016 Juventus / Como / L.R. Vicenza / Perugia / Milan / Hellas Verona Paolo Rossi
40%
2017 Roma / Genoa Bruno Conti
38%
2022 Latina / Brescia / Inter / Juventus Alessandro Altobelli
26%
2015 Pisa / Como / Juventus / Inter / San Gallo Marco Tardelli
26%
2018 Asti MaCoBi / Fiorentina / Losanna Giancarlo Antognoni
24%
2021 Cremonese / Atalanta / Juventus / Bologna Antonio Cabrini
19%
2023 Prato / Potenza / Varese / Cagliari / Chicago Mustangs / Cagliari / Inter / Juventus / Verona / Vadanese Roberto Boninsegna
19%
2019 Inter / Fiorentina Gabriele Oriali
5%
Nessun quiz corrispondente trovato
Distribuzione punteggi
Percentuale di utenti per punteggio
Percentile per numero di risposta
I tuoi punteggi nel tempo
Non hai fatto questo quiz dall'ultimo reset